[Event "AUTO-OPEN-1088"]
[Site "http://www.queenalice.com/game.php?id=445148"]
[Date "2008.8.7"]
[Round "2"]
[White "Nerangelo"]
[Black "daf88"]
[Result "1-0"]
[WhiteElo "2256"]
[BlackElo "2024"]

1. d4 Nf6 2. c4 e6 3. Nc3 Bb4 4. e3 O-O 5. Bd3 c5 6. a3 Bxc3+ 7. bxc3 d6 8. Ne2
e5 9. Qc2 Nc6 10. O-O Re8 11. f3 b6 12. Rd1 Qe7 13. e4 h6 14. d5 Na5 15. Ng3 Ba6
16. Nf5 Qf8 17. Qa2 Bc8 18. Rb1 Bxf5 19. exf5 e4 20. fxe4 Nxe4 21. Qc2 Nf6 22.
Qf2 Re5 23. Bf4 Ree8 24. Qh4 Nb7 25. Bxh6 gxh6 26. Qxf6 Qg7 27. Qh4 Re3 28. f6
Qg5 29. Qxg5+ hxg5 30. Kf2 Rae8 31. Re1 Rxe1 32. Rxe1 Rxe1 33. Kxe1 Na5 34. g3
Kh8 35. h4 gxh4 36. gxh4 Nb7 37. h5 Nd8 38. h6 Nb7 39. Ke2 Na5 40. Kf3 Nb7 41.
Kf4 Na5 42. Bg6 fxg6 43. f7 Nxc4 44. f8=Q+ Kh7 45. Qg7# 1-0

[Event "AUTO-OPEN-1088"]
[Site "http://www.queenalice.com/game.php?id=445149"]
[Date "2008.8.7"]
[Round "2"]
[White "daf88"]
[Black "Nerangelo"]
[Result "0-1"]
[WhiteElo "2044"]
[BlackElo "2227"]

1. e4 e6 2. d4 d5 3. e5 c5 4. c3 Qb6 5. Nf3 Bd7 6. Be2 Bb5 7. O-O Bxe2 8. Qxe2
Qa6 9. Qxa6 Nxa6 10. Nbd2 Ne7 11. Nb3 c4 12. Nbd2 Ng6 13. g3 Be7 14. Ne1 O-O 15.
f4 b5 16. Ng2 Nc7 17. Nf3 a5 18. Bd2 b4 19. g4 f5 20. exf6 Rxf6 21. Rae1 a4 22.
cxb4 a3 23. bxa3 Rxa3 24. Ra1 Nb5 25. h4 Bd6 26. Ne5 Nxd4 27. h5 Nxe5 28. fxe5
Ne2+ 29. Kh2 Bxe5+ 0-1

[Event "Challenge"]
[Site "http://www.queenalice.com/game.php?id=476643"]
[Date "2008.10.13"]
[Round "-"]
[White "Nerangelo"]
[Black "KLEOJ"]
[Result "1-0"]
[WhiteElo "2239"]
[BlackElo "2050"]

1. d4 Nf6 2. c4 g6 3. Nc3 d5 4. Nf3 Bg7 5. cxd5 Nxd5 6. Qb3 Nxc3 7. bxc3 O-O 8.
e3 Nd7 9. Ba3 Re8 10. Be2 b6 11. O-O Bb7 12. e4 Bxe4 13. Ng5 Bd5 14. Qxd5 e6 15.
Qc6 Qxg5 16. Qxd7 c5 17. Qb5 a6 18. Qxb6 cxd4 19. cxd4 Qd2 20. Qb2 Qxd4 21. Qxd4
Bxd4 22. Rac1 Rec8 23. Rxc8+ Rxc8 24. Rc1 Rxc1+ 25. Bxc1 a5 26. Bd2 Bb6 27. a4
Kf8 28. Kf1 Ke7 29. Bb5 Kd6 30. Ke2 Kd5 31. f3 Bd8 32. Be8 f6 33. Bf7 Kd6 34.
Bh6 e5 35. Kd3 Be7 36. Kc4 Bd8 37. Bf8+ Kd7 38. Kd5 g5 39. g3 Bb6 40. h3 Bd8 41.
g4 Bb6 42. Bd6 1-0

[Event "Challenge"]
[Site "http://www.queenalice.com/game.php?id=478792"]
[Date "2008.10.17"]
[Round "-"]
[White "Kiwizany"]
[Black "Nerangelo"]
[Result "1-0"]
[WhiteElo "2252"]
[BlackElo "2263"]

1. e4 c6 2. d4 d5 3. e5 Bf5 4. h4 h5 5. c4 e6 6. Nc3 dxc4 7. Bxc4 Nd7 8. Bg5 Ne7
9. Nge2 f6 10. exf6 gxf6 11. Be3 Nb6 12. Bd3 Qd7 13. O-O O-O-O 14. a4 Rg8 15. a5
Nbd5 16. a6 b5 17. Nxd5 Nxd5 18. Bxf5 Nxe3 19. fxe3 exf5 20. Qc2 Bh6 21. Rf3 1-0

[Event "Challenge"]
[Site "http://www.queenalice.com/game.php?id=478793"]
[Date "2008.10.17"]
[Round "-"]
[White "Kiwizany"]
[Black "Nerangelo"]
[Result "1-0"]
[WhiteElo "2264"]
[BlackElo "2251"]

1. e4 c5 2. Nf3 e6 3. d3 Nc6 4. g3 Nf6 5. Bg2 Be7 6. Nbd2 O-O 7. O-O d6 8. Re1
Qc7 9. Nf1 b6 10. Ne3 Bb7 11. b3 Rad8 12. Bb2 d5 13. exd5 Nxd5 14. Ng4 Nf6 15.
Nxf6+ Bxf6 16. Bxf6 gxf6 17. Nd2 f5 18. a4 Ne7 19. Bxb7 Qxb7 20. Qh5 Kg7 21. a5
1-0

[Event "AUTO-MASTER-544"]
[Site "http://www.queenalice.com/game.php?id=481071"]
[Date "2008.10.22"]
[Round "2"]
[White "Nerangelo"]
[Black "Papageno"]
[Result "0-1"]
[WhiteElo "2244"]
[BlackElo "1963"]

1. d4 b6 2. e4 Bb7 3. Bd3 Nf6 4. Nd2 g6 5. Ngf3 Bg7 6. O-O O-O 7. Qe2 d6 8. c3
Nbd7 9. Re1 e6 10. b3 c5 11. Bb2 cxd4 12. cxd4 a5 13. Nc4 Qb8 14. a4 d5 15. Ncd2
dxe4 16. Nxe4 Nxe4 17. Bxe4 Bxe4 18. Qxe4 Nf6 19. Qe2 Qb7 20. Rac1 Nd5 21. Ne5
Nf4 22. Qe4 Qxe4 23. Rxe4 Nd5 24. Nd3 Rac8 25. Ree1 Rxc1 26. Rxc1 Ne7 27. Ne5
Rd8 28. Nc4 Bxd4 29. Bxd4 Rxd4 30. Nxb6 Rb4 31. Nc4 Rxb3 32. Nxa5 Ra3 33. Nc4
Rxa4 34. Ne3 Kg7 35. g3 Nd5 0-1

[Event "AUTO-MASTER-544"]
[Site "http://www.queenalice.com/game.php?id=481072"]
[Date "2008.10.22"]
[Round "2"]
[White "Papageno"]
[Black "Nerangelo"]
[Result "0-1"]
[WhiteElo "1942"]
[BlackElo "2245"]

1. e4 c5 2. b3 Nc6 3. Bb2 e6 4. Nf3 d5 5. exd5 exd5 6. Bb5 Qe7+ 7. Be2 Nf6 8.
O-O Qc7 9. Re1 Be7 10. Bb5 O-O 11. Bxc6 bxc6 12. Nc3 Bg4 13. h3 Bh5 14. d4 cxd4
15. Na4 c5 16. Qd3 Bd6 17. c3 Bg6 18. Qa6 d3 19. c4 d4 20. b4 Nd7 21. bxc5 Nxc5
22. Nxc5 Bxc5 23. Nxd4 Qf4 24. Qa5 Bxd4 0-1

[Event "AUTO-OPEN-1088"]
[Site "http://www.queenalice.com/game.php?id=496418"]
[Date "2008.11.21"]
[Round "3"]
[White "Nerangelo"]
[Black "silverhawks"]
[Result "1/2-1/2"]
[WhiteElo "2247"]
[BlackElo "2144"]

1. d4 d5 2. c4 dxc4 3. Nc3 a6 4. e3 b5 5. a4 c6 6. axb5 cxb5 7. Qf3 Ra7 8. Nxb5
Rb7 9. Bxc4 e5 10. Nc3 exd4 11. exd4 Qxd4 12. Bd5 Bg4 13. Qg3 Bb4 14. Ne2 Qxd5
15. Qxg4 Bxc3+ 16. Nxc3 Re7+ 17. Be3 Qb7 18. O-O Nf6 19. Qg3 Nbd7 20. Rfe1 O-O
21. Re2 Rc8 22. Rd1 a5 23. Bh6 Nh5 24. Qg5 Rxe2 25. Nxe2 Rc6 26. Qxh5 Rxh6 27.
Qd5 Qxd5 28. Rxd5 Nf8 29. Rxa5 Rd6 30. Nc3 Rd2 31. Rb5 f5 32. h4 Ne6 33. b4 Rb2
34. Nd5 Nd4 35. Rb7 Rb1+ 36. Kh2 Rb2 37. Kg1 Rb1+ 38. Kh2 Rb2 39. Kg1 1/2-1/2

[Event "AUTO-OPEN-1088"]
[Site "http://www.queenalice.com/game.php?id=496419"]
[Date "2008.11.21"]
[Round "3"]
[White "silverhawks"]
[Black "Nerangelo"]
[Result "0-1"]
[WhiteElo "2167"]
[BlackElo "2237"]

1. b4 e6 2. b5 d5 3. d4 c6 4. e3 Nf6 5. Nf3 Qc7 6. Bd3 Bd6 7. O-O Nbd7 8. bxc6
bxc6 9. Ba3 Bxa3 10. Nxa3 Qd6 11. Nb1 e5 12. c4 e4 13. Bxe4 dxe4 14. Nfd2 O-O
15. Nc3 Re8 16. Rb1 Nf8 17. a4 Ng4 18. g3 Qh6 19. h4 Nxe3 20. fxe3 Qxe3+ 21. Kh2
Qxc3 22. Rf4 Qxd4 23. Nxe4 Qxd1 24. Rxd1 Ng6 25. Re1 Nxf4 26. Nf6+ gxf6 27.
Rxe8+ Kg7 28. gxf4 Rb8 29. Re7 Rb7 30. Rxb7 Bxb7 31. c5 a5 32. Kg3 Ba6 33. Kf3
Bc4 34. Ke3 Bb3 0-1

[Event "AUTO-OPEN-1089"]
[Site "http://www.queenalice.com/game.php?id=518592"]
[Date "2009.1.7"]
[Round "3"]
[White "aknightout"]
[Black "Nerangelo"]
[Result "1-0"]
[WhiteElo "2137"]
[BlackElo "2209"]

1. e4 c5 2. Nf3 e6 3. d3 Nc6 4. g3 d6 5. Bg2 Be7 6. O-O Nf6 7. c3 O-O 8. Nbd2 a6
9. Re1 Qc7 10. Nf1 b5 11. h3 Re8 12. N3h2 1-0

[Event "AUTO-OPEN-1089"]
[Site "http://www.queenalice.com/game.php?id=518593"]
[Date "2009.1.7"]
[Round "3"]
[White "Nerangelo"]
[Black "aknightout"]
[Result "0-1"]
[WhiteElo "2224"]
[BlackElo "2122"]

1. d4 d6 2. c4 Nf6 3. Nc3 g6 4. e4 Bg7 5. f3 O-O 6. Be3 e5 7. d5 Nbd7 8. Bd3 Nh5
9. Qd2 f5 10. Nge2 f4 0-1

[Event "Challenge #01"]
[Site "http://www.queenalice.com/game.php?id=656977"]
[Date "2009.9.23"]
[Round "-"]
[White "Aylton"]
[Black "Nerangelo"]
[Result "0-1"]
[WhiteElo "2069"]
[BlackElo "2144"]

1. d4 Nf6 2. Nf3 g6 3. e3 Bg7 4. c4 O-O 5. Nc3 d6 6. Be2 Nbd7 7. O-O e5 8. h3
Re8 9. b3 Qe7 10. Bb2 exd4 11. Nxd4 Nc5 12. Qc2 c6 13. Rfe1 Ne6 14. Nxe6 Bxe6
15. Rad1 Rad8 16. Bf1 d5 17. cxd5 Nxd5 18. Nxd5 Rxd5 19. Bxg7 Kxg7 20. Rxd5 Bxd5
21. f3 Qe5 22. e4 f5 23. exd5 Qxe1 24. dxc6 bxc6 25. Qxc6 Re7 26. Qc4 Qe3+ 27.
Kh2 Rd7 28. a4 Qe5+ 29. f4 Qe3 30. a5 Rd1 31. a6 Rc1 32. Qb5 Qxf4+ 33. Kg1 Qe3+
34. Kh2 Qf2 35. Qe5+ Kh6 36. Bc4 f4 0-1

[Event "Challenge #02"]
[Site "http://www.queenalice.com/game.php?id=656978"]
[Date "2009.9.23"]
[Round "-"]
[White "Nerangelo"]
[Black "Aylton"]
[Result "1-0"]
[WhiteElo "2135"]
[BlackElo "2029"]

1. e4 c5 2. Nf3 Nc6 3. d4 cxd4 4. Nxd4 e5 5. Nb5 d6 6. N1c3 a6 7. Na3 b5 8. Nd5
Nge7 9. c3 f5 10. exf5 Bxf5 11. Bd3 Bxd3 12. Qxd3 Nxd5 13. Qxd5 Ne7 14. Qe4 Qb8
15. f4 exf4 16. Bxf4 d5 17. Qe3 Qb7 18. Nc2 h6 19. Nd4 g5 20. Bg3 Rh7 21. O-O
O-O-O 22. Qe6+ Qd7 23. Qxa6+ Qb7 24. Qxb7+ Kxb7 25. Ne6 1-0